000 00824nam a2200217 a 4500
001 000173476
003 AM-YeHGA
005 20250617123454.0
008 980205s1954 ru a|||gr|||||||||0|rus|d
040 _aAM-YeHGA
041 0 _arus
100 1 _aНиколаев, Михаил Павлович
245 1 0 _aСеминарий по Чернышевскому :
_bУчебно-методическое пособие для вузов /
_cМ.П. Николаев.
260 _aМосква :
_bУчпедгиз,
_c1954.
300 _a180 с., 1 л. портр. :
_bил. ;
_c21 см.
600 1 4 _aЧернышевский, Николай Гаврилович,
_d1828-1889
650 1 4 _aЛитературоведение
650 1 4 _aРусская философия
_y19 в.
942 _2udc
_cBK
090 _c60467
999 _c59489
_d59489